Guide to western architecture / (Record no. 6808)

MARC details
000 -LEADER
fixed length control field 00493nam a22001817a 4500
003 - CONTROL NUMBER IDENTIFIER
control field OSt
005 - DATE AND TIME OF LATEST TRANSACTION
control field 20240522112426.0
008 - FIXED-LENGTH DATA ELEMENTS--GENERAL INFORMATION
fixed length control field 240522b |||||||| |||| 00| 0 eng d
020 ## - INTERNATIONAL STANDARD BOOK NUMBER
International Standard Book Number 9781032367200
040 ## - CATALOGING SOURCE
Transcribing agency N
082 ## - DEWEY DECIMAL CLASSIFICATION NUMBER
Classification number 729 G562 2023
100 ## - MAIN ENTRY--PERSONAL NAME
Personal name Gloag, John
245 ## - TITLE STATEMENT
Title Guide to western architecture /
Statement of responsibility, etc. John Gloag
260 ## - PUBLICATION, DISTRIBUTION, ETC.
Name of publisher, distributor, etc. Routledge, Abingdon, Oxon, 2023
300 ## - PHYSICAL DESCRIPTION
Extent 407 p. : il. ; 25 cm
650 ## - SUBJECT ADDED ENTRY--TOPICAL TERM
Geographic subdivision Architecture history of Europe LHoses & Home
942 ## - ADDED ENTRY ELEMENTS (KOHA)
Source of classification or shelving scheme Dewey Decimal Classification
Koha item type English Book
Suppress in OPAC No
Holdings
Withdrawn status Lost status Source of classification or shelving scheme Damaged status Not for loan Home library Current library Date acquired Total Checkouts Full call number Barcode Date last seen Price effective from Koha item type
    Dewey Decimal Classification     CENTRAL TUWAIQ 07/01/2024   729 G562 2023 1000000025148 07/01/2024 07/01/2024 English Book